Southville International School and Colleges
Your cart is empty.
  • Cart
  • Lists
    Public lists Eva Luna New books Lux_list list_1
    Your lists Log in to create your own lists
  • Log in to your account
  • Your cookies
  • Search history
Southville International School and Colleges
  • Advanced search
  • Recent comments
  • Most popular
  • Libraries

Log in to your account

Log in with GOOGLE


If you do not have an external account, but do have a local account, you can still log in:

  1. Home
  2. MARC view: Handwriting proficiency :
Normal view MARC view ISBD view

Handwriting proficiency : (Record no. 293185)

[ view plain ]
MARC details
000 -LEADER
fixed length control field 00638nam a2200241Ia 4500
008 - FIXED-LENGTH DATA ELEMENTS--GENERAL INFORMATION
fixed length control field 160404s9999 xx 000 0 und d
020 ## - INTERNATIONAL STANDARD BOOK NUMBER
International Standard Book Number 971-725-107-X
050 ## - LIBRARY OF CONGRESS CALL NUMBER
Classification number FIL Z 43
050 ## - LIBRARY OF CONGRESS CALL NUMBER
Item number .M37 2004 c.2
100 ## - MAIN ENTRY--PERSONAL NAME
Personal name Mapa, Afra Millare.
245 ## - TITLE STATEMENT
Title Handwriting proficiency :
245 ## - TITLE STATEMENT
Remainder of title worktext in handwritiing /
245 ## - TITLE STATEMENT
Statement of responsibility, etc Afra Millare Mapa.
260 ## - PUBLICATION, DISTRIBUTION, ETC. (IMPRINT)
Place of publication, distribution, etc Makati City:
260 ## - PUBLICATION, DISTRIBUTION, ETC. (IMPRINT)
Name of publisher, distributor, etc Grandwater Pub.,
260 ## - PUBLICATION, DISTRIBUTION, ETC. (IMPRINT)
Date of publication, distribution, etc 2004
300 ## - PHYSICAL DESCRIPTION
Extent 70 pages :
300 ## - PHYSICAL DESCRIPTION
Other physical details illustrations ;
300 ## - PHYSICAL DESCRIPTION
Dimensions 27 cm.
500 ## - GENERAL NOTE
General note Includes bibliographical references.
650 ## - SUBJECT ADDED ENTRY--TOPICAL TERM
Topical term or geographic name as entry element Penmanship.
650 ## - SUBJECT ADDED ENTRY--TOPICAL TERM
General subdivision Handwriting -- Workbook.
Holdings
Withdrawn status Lost status Damaged status Home library Current library Shelving location Date acquired Cost, normal purchase price Total Checkouts Full call number Barcode Date last seen Price effective from Koha item type
      South Mansfield College South Mansfield College Filipiniana Section 03/07/2005 126.50   FIL Z 43 .M37 2004 c.2 SMC00298 04/04/2016 04/04/2016  

Handwriting proficiency :

APA

Mapa A. M., .Handwriting proficiency. Makati City: .

Chicago

Mapa Afra Millare, .Handwriting proficiency. Makati City: .

Harvard

Mapa A. M., .Handwriting proficiency. Makati City: .

MLA

Mapa Afra Millare, .Makati City: . .

  • Place hold
  • Print
  • Cite
  • Add to your cart (remove)
  • Save record
    BIBTEX Dublin Core MARCXML MARC (non-Unicode/MARC-8) MARC (Unicode/UTF-8) MARC (Unicode/UTF-8, Standard) MODS (XML) RIS
  • More searches
    Search for this title in:
    Other Libraries (WorldCat) Other Databases (Google Scholar) Online Stores (Bookfinder.com) Open Library (openlibrary.org)

Exporting to Dublin Core...

SOUTHVILLE LIBRARY

Southville International School and Colleges Library

1281 Tropical Ave. Cor. Luxembourg St., BF Homes International, Las Pinas City

Tel. No. 8256374 / 252358 Loc. 117/146

Powered by Koha